<?xml version="1.0" encoding="UTF-8"?>
<record
    xmlns:xsi="http://www.w3.org/2001/XMLSchema-instance"
    xsi:schemaLocation="http://www.loc.gov/MARC21/slim http://www.loc.gov/standards/marcxml/schema/MARC21slim.xsd"
    xmlns="http://www.loc.gov/MARC21/slim">

  <leader>02870njm a2200553Ia 4500</leader>
  <controlfield tag="001">20796</controlfield>
  <controlfield tag="003">IT-RoPAU</controlfield>
  <controlfield tag="005">20220918181122.0</controlfield>
  <controlfield tag="008">131025s9999    xx            000 0 und d</controlfield>
  <datafield tag="040" ind1=" " ind2=" ">
    <subfield code="a">IT-RoPAU</subfield>
  </datafield>
  <datafield tag="040" ind1=" " ind2=" ">
    <subfield code="c">IT-RoPAU</subfield>
  </datafield>
  <datafield tag="041" ind1=" " ind2=" ">
    <subfield code="a">ITALIANO</subfield>
  </datafield>
  <datafield tag="999" ind1=" " ind2=" ">
    <subfield code="c">99916</subfield>
    <subfield code="d">99916</subfield>
  </datafield>
  <datafield tag="999" ind1=" " ind2=" ">
    <subfield code="b">n.d.</subfield>
  </datafield>
  <datafield tag="100" ind1=" " ind2=" ">
    <subfield code="a">AA.VV.</subfield>
    <subfield code="9">794</subfield>
  </datafield>
  <datafield tag="100" ind1=" " ind2=" ">
    <subfield code="e">Autore musica</subfield>
    <subfield code="9">3560</subfield>
  </datafield>
  <datafield tag="100" ind1=" " ind2=" ">
    <subfield code="g">Codice autore musica SPICS: 12000</subfield>
    <subfield code="9">796</subfield>
  </datafield>
  <datafield tag="245" ind1=" " ind2=" ">
    <subfield code="a">Corsa al Festival (La)</subfield>
  </datafield>
  <datafield tag="250" ind1=" " ind2=" ">
    <subfield code="a">2a ed.</subfield>
  </datafield>
  <datafield tag="260" ind1=" " ind2=" ">
    <subfield code="a">MILANO</subfield>
  </datafield>
  <datafield tag="260" ind1=" " ind2=" ">
    <subfield code="b">FRATELLI FABBRI EDITORI</subfield>
    <subfield code="c">1982 [1a Ed.:1970]</subfield>
  </datafield>
  <datafield tag="300" ind1=" " ind2=" ">
    <subfield code="a">DISCO</subfield>
  </datafield>
  <datafield tag="300" ind1=" " ind2=" ">
    <subfield code="c">27 minuti (Testo:  pag.)</subfield>
  </datafield>
  <datafield tag="500" ind1=" " ind2=" ">
    <subfield code="a">La canzone italiana. A San Remo si nasce e si muore. Amore &#xE8; una fiaba, vita, stelle, mare di sogni, baci, bolle blu.</subfield>
  </datafield>
  <datafield tag="505" ind1=" " ind2=" ">
    <subfield code="a">Piove (4:00) - Tua (4:00) - Io sono il vento (4:00) - E' mezzanotte (4:00) - Quando vien la sera (3:00) - Al di l&#xE0; (3:00) - Il mare nel cassetto (4:00) - Le mille bolle blu (4:00)</subfield>
  </datafield>
  <datafield tag="511" ind1=" " ind2=" ">
    <subfield code="a">Modugno Domenico</subfield>
  </datafield>
  <datafield tag="511" ind1=" " ind2=" ">
    <subfield code="a">Golino Turi</subfield>
  </datafield>
  <datafield tag="511" ind1=" " ind2=" ">
    <subfield code="a">Latilla Gino</subfield>
  </datafield>
  <datafield tag="511" ind1=" " ind2=" ">
    <subfield code="a">Sentieri Joe</subfield>
  </datafield>
  <datafield tag="511" ind1=" " ind2=" ">
    <subfield code="a">Tajoli Luciano</subfield>
  </datafield>
  <datafield tag="511" ind1=" " ind2=" ">
    <subfield code="a">Milva (Biolcati Maria Ilva)</subfield>
  </datafield>
  <datafield tag="511" ind1=" " ind2=" ">
    <subfield code="a">Luna Jenny</subfield>
  </datafield>
  <datafield tag="650" ind1=" " ind2=" ">
    <subfield code="a">CANZONE ITALIAN [DISCHI]</subfield>
    <subfield code="e">Codice MATERIA SPICS: 9950</subfield>
    <subfield code="9">3562</subfield>
  </datafield>
  <datafield tag="700" ind1=" " ind2=" ">
    <subfield code="a">Verde</subfield>
    <subfield code="d">Codice autore musica SPICS: 14028</subfield>
    <subfield code="e">Autore musica</subfield>
    <subfield code="p">Piove</subfield>
    <subfield code="9">3564</subfield>
  </datafield>
  <datafield tag="700" ind1=" " ind2=" ">
    <subfield code="a">Modugno Domenico</subfield>
    <subfield code="d">Codice autore testo/musica SPICS: 12142</subfield>
    <subfield code="e">Autore testo/musica</subfield>
    <subfield code="p">Piove</subfield>
    <subfield code="9">3566</subfield>
  </datafield>
  <datafield tag="700" ind1=" " ind2=" ">
    <subfield code="a">Malgoni M.</subfield>
    <subfield code="d">Codice autore musica SPICS: 14072</subfield>
    <subfield code="e">Autore musica</subfield>
    <subfield code="p">Tua</subfield>
    <subfield code="9">3568</subfield>
  </datafield>
  <datafield tag="700" ind1=" " ind2=" ">
    <subfield code="a">Pallesi Bruno</subfield>
    <subfield code="d">Codice autore testo/musica SPICS: 13598</subfield>
    <subfield code="e">Autore testo/musica</subfield>
    <subfield code="p">Tua</subfield>
    <subfield code="9">3570</subfield>
  </datafield>
  <datafield tag="700" ind1=" " ind2=" ">
    <subfield code="a">Fanciulli</subfield>
    <subfield code="d">Codice autore musica SPICS: 16044</subfield>
    <subfield code="e">Autore musica</subfield>
    <subfield code="p">Io sono il vento</subfield>
    <subfield code="9">3571</subfield>
  </datafield>
  <datafield tag="700" ind1=" " ind2=" ">
    <subfield code="a">Testoni Giancarlo</subfield>
    <subfield code="d">Codice autore testo/musica SPICS: 13524</subfield>
    <subfield code="e">Autore testo/musica</subfield>
    <subfield code="p">Io sono il vento</subfield>
    <subfield code="9">3572</subfield>
  </datafield>
  <datafield tag="700" ind1=" " ind2=" ">
    <subfield code="a">Compari</subfield>
    <subfield code="d">Codice autore musica SPICS: 22690</subfield>
    <subfield code="e">Autore musica</subfield>
    <subfield code="p">E' mezzanotte</subfield>
    <subfield code="9">3573</subfield>
  </datafield>
  <datafield tag="700" ind1=" " ind2=" ">
    <subfield code="a">Cozzoli Michele</subfield>
    <subfield code="d">Codice autore SPICS: 13648</subfield>
    <subfield code="e">Autore</subfield>
    <subfield code="p">E' mezzanotte</subfield>
    <subfield code="9">3574</subfield>
  </datafield>
  <datafield tag="700" ind1=" " ind2=" ">
    <subfield code="a">Testa Michele (=Gill Armando)</subfield>
    <subfield code="d">Codice autore testo/musica SPICS: 13131</subfield>
    <subfield code="e">Autore testo/musica</subfield>
    <subfield code="p">E' mezzanotte - Quando vien la sera</subfield>
    <subfield code="9">3575</subfield>
  </datafield>
  <datafield tag="700" ind1=" " ind2=" ">
    <subfield code="a">Rossi Carlo Alberto (Cicero)</subfield>
    <subfield code="d">Codice autore musica SPICS: 13130</subfield>
    <subfield code="e">Autore musica</subfield>
    <subfield code="p">Quando vien la sera - Le mille bolle blu</subfield>
    <subfield code="9">3576</subfield>
  </datafield>
  <datafield tag="700" ind1=" " ind2=" ">
    <subfield code="a">Mogol (Rapetti Giulio)</subfield>
    <subfield code="d">Codice autore musica SPICS: 13643</subfield>
    <subfield code="e">Autore musica</subfield>
    <subfield code="p">Al di l&#xE0;</subfield>
    <subfield code="9">3577</subfield>
  </datafield>
  <datafield tag="700" ind1=" " ind2=" ">
    <subfield code="a">Donida Carlo</subfield>
    <subfield code="d">Codice autore testo/musica SPICS: 13649</subfield>
    <subfield code="e">Autore testo/musica</subfield>
    <subfield code="p">Al di l&#xE0;</subfield>
    <subfield code="9">3578</subfield>
  </datafield>
  <datafield tag="700" ind1=" " ind2=" ">
    <subfield code="a">Rolla</subfield>
    <subfield code="d">Codice autore musica SPICS: 22691</subfield>
    <subfield code="e">Autore musica</subfield>
    <subfield code="p">Il mare nel cassetto</subfield>
    <subfield code="9">3579</subfield>
  </datafield>
  <datafield tag="700" ind1=" " ind2=" ">
    <subfield code="a">Lavalle</subfield>
    <subfield code="d">Codice autore testo/musica SPICS: 14033</subfield>
    <subfield code="e">Autore testo/musica</subfield>
    <subfield code="p">Il mare nel cassetto</subfield>
    <subfield code="9">3580</subfield>
  </datafield>
  <datafield tag="700" ind1=" " ind2=" ">
    <subfield code="a">Pallavicini Vito</subfield>
    <subfield code="d">Codice autore musica SPICS: 13656</subfield>
    <subfield code="e">Autore musica</subfield>
    <subfield code="p">Le mille bolle blu</subfield>
    <subfield code="9">3581</subfield>
  </datafield>
  <datafield tag="942" ind1=" " ind2=" ">
    <subfield code="c">MD</subfield>
    <subfield code="2">ddc</subfield>
  </datafield>
  <datafield tag="952" ind1=" " ind2=" ">
    <subfield code="0">0</subfield>
    <subfield code="1">0</subfield>
    <subfield code="4">0</subfield>
    <subfield code="6">20796_000000000000000</subfield>
    <subfield code="7">1</subfield>
    <subfield code="a">SPICS</subfield>
    <subfield code="b">SPICS</subfield>
    <subfield code="d">2013-10-25</subfield>
    <subfield code="l">0</subfield>
    <subfield code="o">20796</subfield>
    <subfield code="r">2013-10-25 00:00:00</subfield>
    <subfield code="w">2013-10-25</subfield>
    <subfield code="y">MD</subfield>
    <subfield code="z">Progr. Ins.: 4099 / N.Vol.: 1 / Copie: 1 - Copia rara: n.d. / date import: 01.01.2014 - By Epidotti, Trombetti, Vaglietti</subfield>
  </datafield>
</record>
